El alcoholismo y los alcohólicos (Record no. 138715)

MARC details
000 -LEADER
campo de control de longitud fija 00746nam a2200205 4500
001 - NÚMERO DE CONTROL
campo de control 138715
003 - IDENTIFICADOR DE NÚMERO DE CONTROL
campo de control ES-MaACL
005 - FECHA Y HORA DE LA ÚLTIMA TRANSACCIÓN
campo de control 20230906195623.0
007 - CAMPO FIJO DE DESCRIPCIÓN FÍSICA--INFORMACIÓN GENERAL
campo de control de longitud fija t|
008 - DATOS DE LONGITUD FIJA--INFORMACIÓN GENERAL
campo de control de longitud fija 070214s1960 sp r ||||1| spa d
100 1# - ENTRADA PRINCIPAL--NOMBRE DE PERSONA
Nombre de persona Santo-Domingo Carrasco, Joaquín.
9 (RLIN) 103439
245 13 - MENCIÓN DEL TÍTULO
Título El alcoholismo y los alcohólicos
Resto del título : conceptos y diagnóstico /
Mención de responsabilidad, etc. Dr. Joaquín Santo-Domingo Carrasco.
260 ## - PUBLICACIÓN, DISTRIBUCIÓN, ETC.
Lugar de publicación, distribución, etc. Madrid :
Nombre del editor, distribuidor, etc. Dirección General de Sanidad,
Fecha de publicación, distribución, etc. 1960 (
Fabricante Gráf. González)
300 ## - DESCRIPCIÓN FÍSICA
Extensión 48 p. ;
Dimensiones 19 cm.
490 1# - MENCIÓN DE SERIE
Mención de serie Col. de folletos para médicos ;
Designación de volumen o secuencia 64
710 1# - ENTRADA AGREGADA--NOMBRE DE ENTIDAD CORPORATIVA
Nombre de entidad corporativa o nombre de jurisdicción como elemento de entrada España.
Unidad subordinada Dirección General de Sanidad.
9 (RLIN) 3905
830 0# - PUNTO DE ACCESO ADICIONAL DE SERIE-TÍTULO UNIFORME
Título uniforme Col. de folletos para médicos ;
Designación de volumen o secuencia 64
9 (RLIN) 218591
852 ## - LOCALIZACIÓN
Ubicación ES-MaACL
Número de control de estantería 2004-F-18
Sublocalización o colección R.45979
Holdings
Estatus retirado Estado de pérdida Estado de daño No para préstamo Colección Biblioteca de origen Biblioteca actual Ubicación en estantería Fecha de adquisición Fuente de adquisición Total de préstamos Signatura topográfica completa Código de barras Visto por última vez Precio de reemplazo Tipo de ítem Koha
        Colección de folletos Biblioteca del Ateneo de Madrid Biblioteca del Ateneo de Madrid Depósito folletos 17/01/2008     2004-F-18 1144345 23/02/2023 23/02/2023 Folleto